Изменение отравления условного теплового реактора самарием на переменных режимах; Известия Томского политехнического университета [Известия ТПУ]; Т. 306, № 2
| Parent link: | Известия Томского политехнического университета [Известия ТПУ]/ Томский политехнический университет (ТПУ).— , 2000- Т. 306, № 2.— 2003.— [С. 67-71] |
|---|---|
| প্রধান লেখক: | |
| অন্যান্য লেখক: | , |
| সংক্ষিপ্ত: | Заглавие с титульного листа Электронная версия печатной публикации В работе с позиции точечной модели обсуждается отравление самарием теплового реактора. Рассматриваются режим выхода свежего реактора на заданную мощность и переходные режимы с мощности на мощность после достижения равновесного отравления. Сформулированы основные принципы определения различных характеристик указанных процессов и приведены их графические решения и расчетные соотношения. |
| ভাষা: | রুশ |
| প্রকাশিত: |
2003
|
| মালা: | Технические науки |
| বিষয়গুলি: | |
| অনলাইন ব্যবহার করুন: | http://www.lib.tpu.ru/fulltext/v/Bulletin_TPU/2003/v306/i2/15.pdf |
| বিন্যাস: | বৈদ্যুতিক গ্রন্থের অধ্যায় |
| KOHA link: | https://koha.lib.tpu.ru/cgi-bin/koha/opac-detail.pl?biblionumber=167303 |
MARC
| LEADER | 00000nla2a2200000 4500 | ||
|---|---|---|---|
| 001 | 167303 | ||
| 005 | 20240115111433.0 | ||
| 035 | |a (RuTPU)RU\TPU\book\181500 | ||
| 035 | |a RU\TPU\book\181496 | ||
| 090 | |a 167303 | ||
| 100 | |a 20091014d2003 k y0rusy50 ca | ||
| 101 | 0 | |a rus | |
| 102 | |a RU | ||
| 135 | |a drnn ---uucaa | ||
| 181 | 0 | |a i | |
| 182 | 0 | |a b | |
| 200 | 1 | |a Изменение отравления условного теплового реактора самарием на переменных режимах |f И. Б. Валуев, Р. П. Горлов, А. В. Кузьмин | |
| 203 | |a Текст |c электронный | ||
| 215 | |a 1 файл (361 Кб) | ||
| 225 | 1 | |a Технические науки | |
| 300 | |a Заглавие с титульного листа | ||
| 300 | |a Электронная версия печатной публикации | ||
| 320 | |a [Библиогр.: с. 71 (5 назв.)] | ||
| 330 | |a В работе с позиции точечной модели обсуждается отравление самарием теплового реактора. Рассматриваются режим выхода свежего реактора на заданную мощность и переходные режимы с мощности на мощность после достижения равновесного отравления. Сформулированы основные принципы определения различных характеристик указанных процессов и приведены их графические решения и расчетные соотношения. | ||
| 337 | |a Adobe Reader | ||
| 461 | 1 | |0 (RuTPU)RU\TPU\book\176237 |t Известия Томского политехнического университета [Известия ТПУ] |f Томский политехнический университет (ТПУ) |d 2000- | |
| 463 | 1 | |0 (RuTPU)RU\TPU\book\181329 |t Т. 306, № 2 |f под ред. В. А. Власова |v [С. 67-71] |d 2003 |p 179 с. | |
| 610 | 1 | |a тепловые реакторы | |
| 610 | 1 | |a самарий | |
| 610 | 1 | |a переменные режимы | |
| 610 | 1 | |a отравления | |
| 610 | 1 | |a режимы | |
| 610 | 1 | |a реакторы | |
| 610 | 1 | |a мощность | |
| 610 | 1 | |a переходные режимы | |
| 610 | 1 | |a характеристики | |
| 610 | 1 | |a процессы | |
| 610 | 1 | |a труды учёных ТПУ | |
| 610 | 1 | |a электронный ресурс | |
| 700 | 1 | |a Валуев |b И. Б. | |
| 701 | 1 | |a Горлов |b Р. П. |g Роман Павлович | |
| 701 | 1 | |a Кузьмин |b А. В. |c специалист в области теплоэнергетики |c доцент Томского политехнического университета, кандидат технических наук |f 1942- |g Ариан Валерьевич |3 (RuTPU)RU\TPU\pers\25529 |9 11459 | |
| 801 | 1 | |a RU |b 63413507 |c 20090623 |g PSBO | |
| 801 | 2 | |a RU |b 63413507 |c 20210513 |g PSBO | |
| 856 | 4 | |u http://www.lib.tpu.ru/fulltext/v/Bulletin_TPU/2003/v306/i2/15.pdf | |
| 942 | |c CF | ||